Statistiques concernant Fast Typing (hippopotomonstrosesquipédaliophobie)

Cliquez ici pour prendre le quiz!

Statistiques générales

  • Ce quiz a été pris 241 fois
  • Le résultat moyen est 17 sur 35

Statistiques - réponses

Réponse% Correct
h
100%
hi
86%
hip
78%
hipp
77%
hippo
76%
hippop
73%
hippopo
71%
hippopot
70%
hippopoto
69%
hippopotom
66%
hippopotomo
64%
hippopotomon
63%
hippopotomons
62%
hippopotomonst
61%
hippopotomonstr
60%
hippopotomonstro
60%
hippopotomonstros
60%
hippopotomonstrose
58%
hippopotomonstroses
57%
hippopotomonstrosesq
53%
hippopotomonstrosesqu
49%
hippopotomonstrosesqui
44%
hippopotomonstrosesquip
40%
hippopotomonstrosesquipé
35%
hippopotomonstrosesquipéd
28%
hippopotomonstrosesquipéda
23%
hippopotomonstrosesquipédal
20%
hippopotomonstrosesquipédali
19%
hippopotomonstrosesquipédalio
16%
hippopotomonstrosesquipédaliop
14%
hippopotomonstrosesquipédaliophobie
14%
hippopotomonstrosesquipédalioph
13%
hippopotomonstrosesquipédaliopho
12%
hippopotomonstrosesquipédaliophob
12%
hippopotomonstrosesquipédaliophobi
11%

Distribution des résultats

Percentile par nombre de réponses

% des personnes avec chaque résultat

Votre développement - résultats

Vous n’avez pas pris ce quiz